Instituciones de derecho privado : Obligaciones. 2 /

Guardado en:
Autor Principal: Pizarro, Ramón Daniel
Otros Autores: Vallespinos, Carlos Gustavo
Formato: Libro
Idioma:Spanish
Publicado: Buenos Aires : Hammurabi, 1999.
Edición:1ª ed., 1ª reimp.
Materias:
Etiquetas: Agregar Etiqueta
Sin Etiquetas, Sea el primero en etiquetar este registro!
LEADER 00883nam a22002175a 4500
001 DER.der000074
008 180615s1999####ag#||||||||||||||#||spa||
005 20230914114406.0
245 1 0 |a Instituciones de derecho privado :  |b Obligaciones.  |n 2 /  |c Ramón D. Pizarro , Carlos Gustavo Vallespinos. 
250 |a 1ª ed., 1ª reimp. 
260 |a Buenos Aires :  |b Hammurabi,  |c 1999. 
300 |a 697 p. 
500 |a Cumplimiento. Tutela satisfactiva, conservatoria, resolutoria y resarcitoria del crédito. Teoría general del incumplimiento obligacional. 
020 |a 9508910399 
100 1 |a Pizarro, Ramón Daniel 
700 1 |a Vallespinos, Carlos Gustavo 
653 |a OBLIGACIONES 
653 |a DERECHO CIVIL 
859 |a DERECHO  |b BIB. DERECHO  |h 346  |i PIZ  |k 1.15  |p 001031  |t 2 
859 |a DERECHO  |b BIB. DERECHO  |h 346  |i PIZ  |k 1.15  |p 001032  |t 3 
859 |a DERECHO  |b BIB. DERECHO  |h 346  |i PIZ  |k 1.15  |p 003026  |t 5